| 000 | 00944nam a2200277 a 4500 | ||
|---|---|---|---|
| 001 | |||
| 003 | DO-SdBNP | ||
| 005 | 20220505083521.0 | ||
| 007 | 000014305 | ||
| 008 | 091209s2016 dr d 000 0 spa d | ||
| 020 | _a9789945872224 | ||
| 040 |
_aBPMSU _bspa _cBPMSU |
||
| 082 | 0 | 4 |
_a330.7293 _bN576c 2016 _222 |
| 100 | 1 |
_aNG Cortiñas, Haivanjoe _d1959- |
|
| 245 | 1 | 0 |
_a Casi todo sobre la economía dominicana / _cHaivanjoe NG Cortiñas; prólogo Roberto Cassá. |
| 260 |
_aSanto Domingo : _bDe Luxe, _c2016 _b |
||
| 300 |
_a305 p. ; _c23 cm. _b |
||
| 500 | _3Incluye datos biográficos del autor en la contracubierta | ||
| 590 | _6Inventariado, 2022/VM | ||
| 650 | 4 |
_aPolítica monetaria _zRepública Dominicana |
|
| 650 | 4 |
_aCondiciones económicas _zRepública Dominicana |
|
| 650 | 4 |
_aPolítica económica _zRepública Dominicana |
|
| 700 | 1 |
_aCassá, Roberto, 1948- _eprólogo |
|
| 910 | _a VMateo V. | ||
| 942 |
_2ddc _cBK |
||
| 999 |
_c14185 _d14185 |
||